|
|
|
|
| LEADER |
00000nas a2200000 a 4500 |
| 001 |
ssj0027380 |
| 003 |
WaSeSS |
| 005 |
20200512172242.0 |
| 006 |
m d |
| 007 |
cr n |
| 008 |
010524d19862014bl qr p s 0 0por c |
| 010 |
|
|
|a 2001252674
|
| 022 |
|
|
|a 1678-9741
|l 0102-7638
|y 0102-7638
|
| 035 |
|
|
|a (WaSeSS)ssj0027380
|
| 040 |
|
|
|a WAU
|b eng
|c WAU
|d OCLCQ
|d CGU
|d CUS
|d DLC
|d OCLCS
|d OCLCQ
|d OCLCF
|d OCLCO
|d OCLCQ
|d OCLCO
|d OCLCQ
|d PFM
|d BUF
|d UOK
|d CRU
|d OCLCO
|d NTG
|d AU@
|d WYU
|d OCLCO
|d OCLCA
|d AUD
|d WaSeSS
|
| 041 |
0 |
|
|a por
|a eng
|
| 042 |
|
|
|a pcc
|
| 050 |
0 |
0 |
|a RC666
|
| 130 |
0 |
|
|a Revista brasileira de cirurgia cardiovascular (Online)
|
| 245 |
1 |
0 |
|a Revista brasileira de cirurgia cardiovascular
|h [electronic resource] :
|b RBCCV : publication of the Sociedade Brasileira de Cirurgia Cardiovascular.
|
| 246 |
1 |
3 |
|a Brazilian journal of cardiovascular surgery
|
| 246 |
3 |
0 |
|a RBCCV
|
| 260 |
|
|
|a São Paulo, SP, Brazil :
|b A Sociedade
|
| 310 |
|
|
|a Quarterly
|
| 362 |
1 |
|
|a Print began in 1986.
|
| 362 |
1 |
|
|a Ceased with v. 29(4) (2014).
|
| 506 |
|
|
|a License restrictions may limit access.
|
| 538 |
|
|
|a Mode of access: World Wide Web; system requirements: Adobe Acrobat Reader.
|
| 546 |
|
|
|a Articles in Portuguese or English with abstracts in both languages, 1997-2003; articles and abstracts in both languages, 2004-
|
| 588 |
|
|
|a Description based on: Vol. 12, n. 1 (Jan./Mar. 1997); title from journal home page (publisher's Web site, viewed May 24, 2001).
|
| 588 |
|
|
|a Latest issue consulted: v. 29(4)) (2014) (viewed September 28, 2016).
|
| 610 |
2 |
2 |
|a Sociedade Brasileira de Cirurgia Cardiovascular.
|
| 650 |
|
0 |
|a Cardiovascular system
|x Diseases
|v Periodicals.
|
| 650 |
|
7 |
|a Cardiovascular system
|x Diseases.
|2 fast
|0 (OCoLC)fst00847181
|
| 655 |
|
0 |
|a Electronic journals.
|
| 710 |
2 |
|
|a Sociedade Brasileira de Cirurgia Cardiovascular.
|
| 776 |
1 |
|
|t Revista brasileira de cirurgia cardiovascular
|x 0102-7638
|w (DLC)sn 91033138
|w (OCoLC)23361546
|
| 785 |
0 |
0 |
|t Brazilian journal of cardiovascular surgery
|x 1678-9741
|w (DLC) 2016247787
|w (OCoLC)959422416
|
| 850 |
|
|
|a DLC
|
| 856 |
4 |
0 |
|z Full text available from Research Library: 01/01/2013 to present
|u https://search.proquest.com/publication/2040942
|